<?xml version="1.0" encoding="UTF-8"?>
<collection xmlns="http://www.loc.gov/MARC21/slim">
    <record>
        <controlfield tag="001">70327</controlfield>
        <controlfield tag="005">20180509140327.0</controlfield>
        <datafield tag="024" ind1="8" ind2=" ">
            <subfield code="2">sideral</subfield>
            <subfield code="a">105872</subfield>
        </datafield>
        <datafield tag="037" ind1=" " ind2=" ">
            <subfield code="a">ART-2018-105872</subfield>
        </datafield>
        <datafield tag="041" ind1=" " ind2=" ">
            <subfield code="a">spa</subfield>
        </datafield>
        <datafield tag="100" ind1=" " ind2=" ">
            <subfield code="0">(orcid)0000-0001-6438-3475</subfield>
            <subfield code="a">Tena Piazuelo, I.</subfield>
            <subfield code="u">Universidad de Zaragoza</subfield>
        </datafield>
        <datafield tag="245" ind1=" " ind2=" ">
            <subfield code="a">Conceptos jurídicos indeterminados y generalización de la custodia compartida</subfield>
        </datafield>
        <datafield tag="260" ind1=" " ind2=" ">
            <subfield code="c">2018</subfield>
        </datafield>
        <datafield tag="506" ind1="0" ind2=" ">
            <subfield code="a">Access copy available to the general public</subfield>
            <subfield code="f">Unrestricted</subfield>
        </datafield>
        <datafield tag="520" ind1="3" ind2=" ">
            <subfield code="a">Parece que en la sociedad española se está produciendo una creciente aceptación de la custodia compartida. Y nuestros tribunales (singularmente el Tribunal Supremo) han generalizado progresivamente la adopción de esta medida, a pesar de que queda limitada por la literalidad del art. 92 CC. Aquel resultado se está logrando mediante una particular técnica de concreción de conceptos jurídicos indeterminados, contenidos en las previsiones del Código civil sobre atribución de la guarda. Fundamentalmente se trata de la interpretación del interés del menor. También así se palía, en buena medida, la ausencia de una ley que lleve al Código la custodia compartida como regla general.   

The acceptance of the joint custody seems to be widespread among the Spanish society. Our courts (in particular, the Supreme Court) have gradually mainstreamed the adoption of this measure, despite being limited by the article 92 of the Spanish civil code (CC). This is accomplished through the specification of undefined legal concepts regarding the child custody assignment contained in the CC, and mainly by ascertaining the interest of the child. Consequently, we can claim that, to a large extent, the absence of a law that inserts the joint custody in the civil code as a general rule, is mitigated.</subfield>
        </datafield>
        <datafield tag="540" ind1=" " ind2=" ">
            <subfield code="9">info:eu-repo/semantics/openAccess</subfield>
            <subfield code="a">by-nc</subfield>
            <subfield code="u">http://creativecommons.org/licenses/by-nc/3.0/es/</subfield>
        </datafield>
        <datafield tag="655" ind1=" " ind2="4">
            <subfield code="a">info:eu-repo/semantics/article</subfield>
            <subfield code="v">info:eu-repo/semantics/publishedVersion</subfield>
        </datafield>
        <datafield tag="710" ind1="2" ind2=" ">
            <subfield code="1">4004</subfield>
            <subfield code="2">130</subfield>
            <subfield code="a">Universidad de Zaragoza</subfield>
            <subfield code="b">Departamento de Derecho Privado</subfield>
            <subfield code="c">Derecho Civil</subfield>
        </datafield>
        <datafield tag="773" ind1=" " ind2=" ">
            <subfield code="g">5, 1 (2018), 99-131</subfield>
            <subfield code="p">Rev. derecho civ.</subfield>
            <subfield code="t">REVISTA DE DERECHO CIVIL</subfield>
            <subfield code="x">2341-2216</subfield>
        </datafield>
        <datafield tag="856" ind1="4" ind2="1">
            <subfield code="u">http://www.nreg.es/ojs/index.php/RDC/article/download/302/253</subfield>
            <subfield code="z">Texto completo de la revista</subfield>
        </datafield>
        <datafield tag="856" ind1="4" ind2=" ">
            <subfield code="s">699269</subfield>
            <subfield code="u">http://zaguan.unizar.es/record/70327/files/texto_completo.pdf</subfield>
            <subfield code="y">Versión publicada</subfield>
        </datafield>
        <datafield tag="856" ind1="4" ind2=" ">
            <subfield code="s">76116</subfield>
            <subfield code="u">http://zaguan.unizar.es/record/70327/files/texto_completo.jpg?subformat=icon</subfield>
            <subfield code="x">icon</subfield>
            <subfield code="y">Versión publicada</subfield>
        </datafield>
        <datafield tag="909" ind1="C" ind2="O">
            <subfield code="o">oai:zaguan.unizar.es:70327</subfield>
            <subfield code="p">articulos</subfield>
            <subfield code="p">driver</subfield>
        </datafield>
        <datafield tag="951" ind1=" " ind2=" ">
            <subfield code="a">2018-05-09-13:12:04</subfield>
        </datafield>
        <datafield tag="980" ind1=" " ind2=" ">
            <subfield code="a">ARTICLE</subfield>
        </datafield>
    </record>

    
</collection>